[Event "BL 0405 Preetzer TSV - OSC Baden Baden"]
[Site "?"]
[Date "2005.01.30"]
[Round "9.3"]
[White "Krasenkow, Michal"]
[Black "Wisnewski, Christoph"]
[Result "0-1"]
[WhiteElo "2676"]
[BlackElo "2392"]
[PlyCount "68"]
[EventDate "2005.??.??"]

1. Nf3 Nc6 2. d4 d5 3. g3 Bg4 4. Bg2 e6 5. c3 Bd6 6. O-O Nf6 7. Qb3 Rb8 8. Bg5
h6 9. Bxf6 Qxf6 10. Nbd2 O-O 11. e4 Bxf3 12. Bxf3 dxe4 13. Bxe4 e5 14. d5 Ne7
15. c4 b6 16. Bc2 Nc8 17. Rae1 a5 18. Ne4 Qe7 19. f4 exf4 20. Qd3 f5 21. Nxd6
Qxd6 22. Rxf4 Qc5+ 23. Kg2 Nd6 24. g4 b5 25. cxb5 Rxb5 26. gxf5 Rxb2 27. Re2
Re8 28. Rxe8+ Nxe8 29. Rc4 Qe7 30. a4 Qg5+ 31. Kh3 Nf6 32. Qf3 Qd2 33. Qc3 Qc1
34. Rxc7 Qf1+ 0-1

[Event "BL 0405 Preetzer TSV - OSC Baden Baden"]
[Site "?"]
[Date "2005.01.30"]
[Round "9.4"]
[White "Borbjergaard, Lars"]
[Black "Dautov, Rustem"]
[Result "1/2-1/2"]
[WhiteElo "2374"]
[BlackElo "2623"]
[PlyCount "65"]
[EventDate "2005.??.??"]

1. d4 Nf6 2. Nf3 e6 3. Bf4 c5 4. c3 b6 5. e3 Be7 6. h3 O-O 7. Nbd2 d5 8. Ne5
Bb7 9. Bd3 Nc6 10. Qf3 a6 11. g4 Nxe5 12. Bxe5 Nd7 13. Bf4 f6 14. Qg3 e5 15. g5
exf4 16. Bxh7+ Kh8 17. Qg4 fxg5 18. Bf5 Rxf5 19. Qxf5 Nf8 20. h4 gxh4 21. Nf3
fxe3 22. fxe3 Bf6 23. Nxh4 Bxh4+ 24. Kd2 Nh7 25. Qh5 g5 26. Raf1 Qe7 27. Rf7
Qe4 28. Rhf1 c4 29. R1f5 Qd3+ 30. Kc1 Qxe3+ 31. Kd1 Qd3+ 32. Kc1 Qe3+ 33. Kd1
1/2-1/2

[Event "BL 0405 Preetzer TSV - OSC Baden Baden"]
[Site "?"]
[Date "2005.01.30"]
[Round "9.7"]
[White "Schmaltz, Roland"]
[Black "Marxen, Peter Dr"]
[Result "1-0"]
[WhiteElo "2528"]
[BlackElo "2212"]
[PlyCount "35"]
[EventDate "2005.??.??"]

1. e4 c5 2. Nf3 d6 3. d4 cxd4 4. Nxd4 Nf6 5. Nc3 Nc6 6. f4 e6 7. Nf3 a6 8. Bd3
Be7 9. O-O Qc7 10. a3 b5 11. Qe1 O-O 12. b4 Re8 13. Bb2 Nd7 14. Kh1 Nb6 15. Qg3
Bf8 16. e5 h6 17. Ne4 Kh8 18. Nxd6 1-0

[Event "BL 0405 Preetzer TSV - OSC Baden Baden"]
[Site "?"]
[Date "2005.01.30"]
[Round "9.8"]
[White "Reinecker, Kai"]
[Black "Doettling, Fabian"]
[Result "1/2-1/2"]
[WhiteElo "2220"]
[BlackElo "2526"]
[PlyCount "50"]
[EventDate "2005.??.??"]

1. e4 c6 2. d4 d5 3. Nc3 dxe4 4. Nxe4 Bf5 5. Ng3 Bg6 6. h4 h6 7. Nf3 Nd7 8. Bd3
Bxd3 9. Qxd3 Ngf6 10. Bd2 e6 11. O-O-O Qc7 12. Qe2 O-O-O 13. Kb1 Bd6 14. Ne4
Nxe4 15. Qxe4 Rhe8 16. Rhe1 Kb8 17. Ne5 Nxe5 18. dxe5 Bc5 19. Be3 Rxd1+ 20.
Rxd1 Rd8 21. Rd3 Bxe3 22. Qxe3 Rd5 23. Rxd5 cxd5 24. b3 b6 25. h5 Qe7 1/2-1/2

[Event "BL 0405 Hamburger SK - SC Eppingen"]
[Site "?"]
[Date "2005.01.30"]
[Round "9.1"]
[White "Gyimesi, Zoltan"]
[Black "Gustafsson, Jan"]
[Result "1/2-1/2"]
[WhiteElo "2613"]
[BlackElo "2603"]
[PlyCount "48"]
[EventDate "2005.??.??"]

1. Nc3 c5 2. e4 Nc6 3. Nge2 Nf6 4. d4 cxd4 5. Nxd4 e5 6. Ndb5 d6 7. Bg5 a6 8.
Na3 b5 9. Bxf6 gxf6 10. Nd5 Bg7 11. Bd3 Ne7 12. Nxe7 Qxe7 13. O-O O-O 14. c4 f5
15. Qf3 d5 16. cxd5 fxe4 17. Bxe4 Rb8 18. Rfd1 Qd7 19. d6 Rb6 20. Qd3 Rd8 21.
Rac1 Bf8 22. Qg3+ Bg7 23. Qd3 Bf8 24. Qg3+ Bg7 1/2-1/2

[Event "BL 0405 Hamburger SK - SC Eppingen"]
[Site "?"]
[Date "2005.01.30"]
[Round "9.2"]
[White "Ftacnik, Lubomir"]
[Black "Acs, Peter"]
[Result "1/2-1/2"]
[WhiteElo "2533"]
[BlackElo "2521"]
[PlyCount "91"]
[EventDate "2005.??.??"]

1. d4 Nf6 2. Nf3 g6 3. c4 Bg7 4. Nc3 O-O 5. e4 d6 6. Be2 e5 7. O-O Nc6 8. d5
Ne7 9. Ne1 Nd7 10. Nd3 f5 11. Bd2 Kh8 12. Rc1 c5 13. f4 a6 14. a4 Ng8 15. Qc2
Qe7 16. Rce1 exf4 17. exf5 g5 18. g4 fxg3 19. hxg3 Ne5 20. Nxe5 Qxe5 21. Kg2
Bxf5 22. Bd3 Bxd3 23. Qxd3 Qd4 24. Qxd4 cxd4 25. Ne4 h6 26. Nxd6 Rxf1 27. Rxf1
Nf6 28. b4 b6 29. Rf5 Kh7 30. Re5 Rf8 31. Ne4 Nxe4 32. Rxe4 Rd8 33. Re6 b5 34.
axb5 axb5 35. c5 Rxd5 36. c6 Rd8 37. Kf3 Kg8 38. Re7 Rc8 39. c7 Kf8 40. Rd7 Bf6
41. Ke4 Ke8 42. Rh7 Be7 43. Rxh6 Rxc7 44. Rb6 Rc2 45. Kd3 Rb2 46. Ke4 1/2-1/2

[Event "BL 0405 Hamburger SK - SC Eppingen"]
[Site "?"]
[Date "2005.01.30"]
[Round "9.5"]
[White "Mann, Christian"]
[Black "Bezold, Michael"]
[Result "1/2-1/2"]
[WhiteElo "2455"]
[BlackElo "2532"]
[PlyCount "51"]
[EventDate "2005.??.??"]

1. g3 g6 2. Bg2 Bg7 3. e4 c5 4. Ne2 Nc6 5. O-O e5 6. Nbc3 Nge7 7. Nd5 Nxd5 8.
exd5 Ne7 9. c3 Nf5 10. d4 cxd4 11. cxd4 exd4 12. g4 Nh4 13. Bh1 h5 14. Nxd4
hxg4 15. Qxg4 d6 16. Re1+ Kf8 17. Qf4 Kg8 18. Qe4 Be5 19. Bf4 Rh5 20. Bg3 Bd7
21. Nf3 Bf6 22. Nxh4 Bxh4 23. Qb4 Bxg3 24. hxg3 Qf6 25. Bg2 b6 26. Rac1 1/2-1/2

[Event "BL 0405 Hamburger SK - SC Eppingen"]
[Site "?"]
[Date "2005.01.30"]
[Round "9.7"]
[White "Balzar, Andreas Dr"]
[Black "Heinemann, Thies"]
[Result "1-0"]
[WhiteElo "2352"]
[BlackElo "2453"]
[PlyCount "141"]
[EventDate "2005.??.??"]

1. e4 c5 2. Nf3 d6 3. d4 cxd4 4. Nxd4 Nf6 5. Nc3 a6 6. Bc4 e6 7. Bb3 Nbd7 8. f4
Nc5 9. f5 Be7 10. Qf3 O-O 11. Be3 Nxb3 12. axb3 Nd7 13. O-O-O Ne5 14. Qe2 Bd7
15. g4 b5 16. Kb1 Re8 17. Rhg1 b4 18. Na4 Qa5 19. g5 Bxa4 20. bxa4 Qxa4 21. f6
Bf8 22. Rg3 Rec8 23. Bc1 Rc7 24. Qh5 g6 25. Qe2 Nc6 26. b3 Qa5 27. Bb2 Rac8 28.
Nxc6 Rxc6 29. Rd2 Qc7 30. Rgd3 a5 31. h4 a4 32. bxa4 Qa5 33. h5 Qxg5 34. hxg6
fxg6 35. Rf3 e5 36. Qd3 Kh8 37. Rf1 R6c7 38. Qd5 Rc5 39. Qd3 R8c7 40. Rdf2 Qg4
41. f7 Kg7 42. Bc1 b3 43. Qe3 bxc2+ 44. Rxc2 Kh8 45. Rxc5 Rxc5 46. Qd3 Rc7 47.
a5 Rb7+ 48. Ka1 Qd7 49. Rf2 Qc7 50. Bd2 Qc6 51. Bc3 Rb3 52. Bxe5+ dxe5 53. Qxb3
Qc1+ 54. Ka2 Qc5 55. Qb6 Qa3+ 56. Kb1 Qd3+ 57. Kb2 Qa3+ 58. Kc2 Qa4+ 59. Kd3
Qd1+ 60. Kc4 h5 61. Rf6 Qc2+ 62. Kd5 Qd3+ 63. Kc6 Qxe4+ 64. Kc7 Qc4+ 65. Kb8 e4
66. a6 Qd3 67. Rxg6 Kh7 68. a7 e3 69. a8=Q e2 70. Qh1 Qd5 71. Qxd5 1-0

[Event "BL 0405 Hamburger SK - SC Eppingen"]
[Site "?"]
[Date "2005.01.30"]
[Round "9.8"]
[White "Michaelsen, Nils"]
[Black "Koch, Wolfgang Max Dr"]
[Result "1-0"]
[WhiteElo "2426"]
[BlackElo "2330"]
[PlyCount "109"]
[EventDate "2005.??.??"]

1. d4 d6 2. c4 f5 3. g3 Nf6 4. Bg2 g6 5. Nc3 Bg7 6. Nh3 O-O 7. Bg5 Nc6 8. Qd2
e5 9. d5 Nb8 10. O-O a5 11. e4 Na6 12. f4 h6 13. fxe5 hxg5 14. exf6 Bxf6 15.
exf5 gxf5 16. Rae1 Nc5 17. Nb5 Bd7 18. Nd4 Bxd4+ 19. Qxd4 Rf7 20. Re3 Rg7 21.
b3 Qf8 22. Rfe1 Re8 23. Rxe8 Bxe8 24. Qe3 Bd7 25. Nxg5 Qf6 26. h4 Kf8 27. Kh2
Re7 28. Qd2 b6 29. Rxe7 Qxe7 30. Nf3 Qg7 31. Nd4 Qe5 32. Bf3 Ne4 33. Bxe4 Qxe4
34. Qh6+ Ke7 35. Qg7+ Ke8 36. Qg8+ Ke7 37. Qg5+ Ke8 38. Qd2 Qg4 39. Qe2+ Qxe2+
40. Nxe2 Kf7 41. Kg2 Kf6 42. Kf3 Ke5 43. Ke3 b5 44. Nd4 bxc4 45. bxc4 a4 46. a3
Be8 47. Nf3+ Kf6 48. Kf4 c5 49. dxc6 Bxc6 50. Nd4 Bd7 51. h5 Be8 52. h6 Bg6 53.
Nb5 Ke6 54. Nc7+ Kf6 55. Nd5+ 1-0

[Event "BL 0405 Stuttgarter SF - Werder Bremen"]
[Site "?"]
[Date "2005.01.30"]
[Round "9.2"]
[White "Schmittdiel, Eckard"]
[Black "Hracek, Zbynek"]
[Result "1/2-1/2"]
[WhiteElo "2449"]
[BlackElo "2579"]
[PlyCount "48"]
[EventDate "2005.??.??"]

1. e4 c5 2. c3 Nf6 3. e5 Nd5 4. Nf3 Nc6 5. Bc4 Nb6 6. Bb3 c4 7. Bc2 Qc7 8. Qe2
g5 9. Nxg5 Qxe5 10. d4 cxd3 11. Bxd3 Qxe2+ 12. Bxe2 Bg7 13. O-O d5 14. Na3 a6
15. f4 h6 16. Nf3 Bf5 17. Bd1 O-O-O 18. Bb3 e6 19. Be3 Kc7 20. Rad1 Rhg8 21.
Nd4 Nxd4 22. Bxd4 Be4 23. Rf2 Nc8 24. Be5+ Nd6 1/2-1/2

[Event "BL 0405 Stuttgarter SF - Werder Bremen"]
[Site "?"]
[Date "2005.01.30"]
[Round "9.3"]
[White "Pelletier, Yannick"]
[Black "Reuss, Andreas"]
[Result "1-0"]
[WhiteElo "2597"]
[BlackElo "2356"]
[PlyCount "81"]
[EventDate "2005.??.??"]

1. e4 c6 2. d4 d5 3. Nc3 g6 4. Nf3 Bg7 5. h3 dxe4 6. Nxe4 Nd7 7. Bd3 Ngf6 8.
Nxf6+ Nxf6 9. O-O O-O 10. Re1 b6 11. Bf4 Bb7 12. c4 e6 13. c5 bxc5 14. dxc5 Qc8
15. Qa4 a5 16. Be5 Ba6 17. Bc2 Nd5 18. Bxg7 Kxg7 19. Nd4 Qb7 20. Bb3 Bb5 21.
Nxb5 cxb5 22. Qd4+ Kg8 23. Rac1 Rac8 24. h4 Ne7 25. h5 Nf5 26. Qf6 a4 27. Bd1
Qe7 28. Qe5 Rfd8 29. Bg4 Qg5 30. Bf3 Rd3 31. Bb7 Rf8 32. c6 Rd5 33. Qc3 Nh4 34.
Qg3 Qxg3 35. fxg3 Nf5 36. c7 Nd6 37. Bxd5 exd5 38. Rc6 Nc8 39. h6 f6 40. Rd1
Ne7 41. Rb6 1-0

[Event "BL 0405 Stuttgarter SF - Werder Bremen"]
[Site "?"]
[Date "2005.01.30"]
[Round "9.4"]
[White "Vujic, Branimir"]
[Black "Babula, Vlastimil"]
[Result "1/2-1/2"]
[WhiteElo "2257"]
[BlackElo "2569"]
[PlyCount "118"]
[EventDate "2005.??.??"]

1. d4 Nf6 2. Nf3 e6 3. Bf4 c5 4. e3 Qb6 5. Qc1 Nc6 6. c3 Nh5 7. Bg3 d5 8. Nbd2
Bd7 9. Be2 Rc8 10. Qb1 g6 11. Ne5 Nxg3 12. Nxd7 Kxd7 13. hxg3 Kc7 14. a3 e5 15.
dxe5 Nxe5 16. Nf3 Bg7 17. Nxe5 Bxe5 18. O-O Kb8 19. a4 a6 20. a5 Qe6 21. Bf3
Rhd8 22. Ra3 f5 23. b4 c4 24. Rc1 Rd7 25. Ra2 Kc7 26. Rb2 Kd8 27. b5 Rc5 28.
bxa6 Qxa6 29. g4 fxg4 30. Bxg4 Rdc7 31. e4 Qxa5 32. exd5 Rxd5 33. Rxb7 Ke7 34.
Rxc7+ Qxc7 35. Qe4 Qc5 36. Re1 Kf6 37. Qf3+ Kg7 38. Be6 Rd3 39. Qb7+ Kh6 40.
Bg8 Qc7 41. Qe4 Bf6 42. Rb1 Qe5 43. Qb7 Bg7 44. g3 Rxc3 45. Kg2 Rxg3+ 46. fxg3
Qe2+ 47. Kh1 Qh5+ 48. Kg1 Bd4+ 49. Kf1 Qh3+ 50. Ke2 Qh2+ 51. Kf3 Qh5+ 52. g4
Qh3+ 53. Ke4 Qd3+ 54. Kd5 Bb2+ 55. Kc5 Qxb1 56. Qxh7+ Kg5 57. Qe7+ Kf4 58. Qd6+
Kxg4 59. Qe6+ Qf5+ 1/2-1/2

[Event "BL 0405 Stuttgarter SF - Werder Bremen"]
[Site "?"]
[Date "2005.01.30"]
[Round "9.6"]
[White "Lorscheid, Gerhard"]
[Black "Fish, Gennadij"]
[Result "0-1"]
[WhiteElo "2296"]
[BlackElo "2523"]
[PlyCount "84"]
[EventDate "2005.??.??"]

1. d4 Nf6 2. c4 e6 3. Nc3 Bb4 4. Qc2 O-O 5. a3 Bxc3+ 6. Qxc3 b6 7. Bg5 Bb7 8.
Nf3 d6 9. Nd2 Nbd7 10. e3 c5 11. dxc5 bxc5 12. b4 Qc7 13. Be2 a5 14. b5 a4 15.
O-O d5 16. Rac1 Rfc8 17. Qb2 Qb6 18. Bf3 h6 19. Bh4 Ra7 20. Rfd1 g5 21. Bg3 g4
22. Be2 d4 23. Nf1 e5 24. Bh4 Qe6 25. Ng3 Ne4 26. Nxe4 Bxe4 27. f3 gxf3 28.
Bxf3 Qg6 29. Kh1 Nb6 30. Bxe4 Qxe4 31. Bf6 Re8 32. exd4 exd4 33. Qf2 Qg6 34.
Re1 Re6 35. Rxe6 fxe6 36. Bxd4 cxd4 37. Qxd4 Rg7 38. Rg1 e5 39. Qd8+ Kh7 40. c5
Nc4 41. c6 Nd6 42. Qb6 Qc2 0-1

[Event "BL 0405 Stuttgarter SF - Werder Bremen"]
[Site "?"]
[Date "2005.01.??"]
[Round "9.7"]
[White "Knaak, Rainer"]
[Black "Heinatz, Thomas"]
[Result "1-0"]
[WhiteElo "2486"]
[BlackElo "2281"]
[PlyCount "59"]
[EventDate "2005.??.??"]

1. d4 Nf6 2. c4 g6 3. Nc3 d5 4. Nf3 Bg7 5. Bf4 O-O 6. Rc1 dxc4 7. e4 c5 8. dxc5
Qa5 9. e5 Nfd7 10. Bxc4 Nxc5 11. O-O Nc6 12. Nd5 Be6 13. b4 Nxb4 14. Nxe7+ Kh8
15. Bd2 Qa3 16. Rc3 Qa4 17. Qxa4 Nxa4 18. Bxe6 Nxc3 19. Bxc3 fxe6 20. Bxb4 Rfe8
21. Rc1 Rad8 22. h4 Rd7 23. Nc8 h6 24. Nxa7 Bf8 25. Bxf8 Rxf8 26. Nb5 Ra8 27.
Rc2 Ra4 28. Nd6 Re7 29. g3 Kh7 30. Nd2 1-0

[Event "BL 0405 Stuttgarter SF - Werder Bremen"]
[Site "?"]
[Date "2005.01.30"]
[Round "9.8"]
[White "Migl, Dieter"]
[Black "Meins, Gerlef"]
[Result "1-0"]
[WhiteElo "2198"]
[BlackElo "2448"]
[PlyCount "49"]
[EventDate "2005.??.??"]

1. e4 c5 2. Nc3 Nc6 3. f4 e6 4. Nf3 d5 5. Bb5 Nge7 6. Qe2 dxe4 7. Nxe4 a6 8.
Bxc6+ Nxc6 9. O-O Be7 10. d3 O-O 11. c3 b6 12. Be3 Bb7 13. Rad1 Qc7 14. Nfg5 h6
15. Qh5 Rad8 16. f5 exf5 17. Rxf5 Bxg5 18. Bxg5 Ne7 19. Nf6+ gxf6 20. Bxf6 Kh7
21. Be5 Qxe5 22. Rxe5 Ng6 23. Rf5 Be4 24. Rf6 Bxd3 25. Qf3 1-0

[Event "BL 0405 TV Tergernsee- Erfurter SK"]
[Site "?"]
[Date "2005.01.30"]
[Round "9.1"]
[White "Haba, Petr"]
[Black "Sokolov, Andrei"]
[Result "1/2-1/2"]
[WhiteElo "2531"]
[BlackElo "2583"]
[PlyCount "28"]
[EventDate "2005.??.??"]

1. d4 Nf6 2. c4 e6 3. g3 d5 4. Bg2 Bb4+ 5. Bd2 Be7 6. Nf3 O-O 7. O-O c6 8. Qc2
b6 9. Bf4 Nbd7 10. cxd5 cxd5 11. Rc1 Bb7 12. Bc7 Qe8 13. Nc3 Nb8 14. Bf4 Nc6
1/2-1/2

[Event "BL 0405 TV Tergernsee- Erfurter SK"]
[Site "?"]
[Date "2005.01.30"]
[Round "9.2"]
[White "Ribli, Zoltan"]
[Black "Kuczynski, Robert"]
[Result "1/2-1/2"]
[WhiteElo "2594"]
[BlackElo "2475"]
[PlyCount "25"]
[EventDate "2005.??.??"]

1. Nf3 d5 2. d4 c6 3. c4 Nf6 4. e3 Bg4 5. h3 Bh5 6. Nc3 e6 7. g4 Bg6 8. Ne5
Nbd7 9. h4 dxc4 10. Nxg6 hxg6 11. Bxc4 Bb4 12. Bd2 Bxc3 13. bxc3 1/2-1/2

[Event "BL 0405 TV Tergernsee- Erfurter SK"]
[Site "?"]
[Date "2005.01.30"]
[Round "9.3"]
[White "Machelett, Heiko"]
[Black "Bischoff, Klaus"]
[Result "0-1"]
[WhiteElo "2401"]
[BlackElo "2559"]
[PlyCount "70"]
[EventDate "2005.??.??"]

1. d4 e6 2. Nf3 Nf6 3. c4 b6 4. a3 Bb7 5. Nc3 d5 6. cxd5 Nxd5 7. e3 Nd7 8. Bd3
g6 9. O-O Bg7 10. e4 Nxc3 11. bxc3 O-O 12. Bg5 Qc8 13. Qd2 Re8 14. Bh6 Bh8 15.
Qf4 e5 16. Qh4 Ba6 17. Rfd1 Bxd3 18. Rxd3 Qa6 19. Re3 exd4 20. cxd4 c5 21. e5
cxd4 22. Qxd4 Nc5 23. Ng5 Rad8 24. Qf4 Qb7 25. Rf1 Rd5 26. e6 f5 27. Qc4 Rd4
28. Qb5 Re7 29. h3 Bf6 30. Rfe1 Qd5 31. Nf3 Re4 32. Bg5 Bxg5 33. Nxg5 Rxe3 34.
fxe3 h6 35. Nf3 Rxe6 0-1

[Event "BL 0405 TV Tergernsee- Erfurter SK"]
[Site "?"]
[Date "2005.01.30"]
[Round "9.4"]
[White "Boensch, Uwe"]
[Black "Casper, Thomas"]
[Result "1/2-1/2"]
[WhiteElo "2540"]
[BlackElo "2412"]
[PlyCount "95"]
[EventDate "2005.??.??"]

1. d4 Nf6 2. c4 d6 3. Nc3 Nbd7 4. e4 e5 5. Nge2 c6 6. f3 Be7 7. Be3 a6 8. d5
cxd5 9. cxd5 h5 10. Qd2 h4 11. Rg1 Kf8 12. Nc1 Kg8 13. Nd3 Nb6 14. b3 Bd7 15.
O-O-O Nc8 16. Kb2 Bf8 17. Rc1 Ne7 18. Rc2 Ng6 19. Be2 Be7 20. Na4 Bxa4 21. bxa4
Nf4 22. Qb4 Nxd3+ 23. Bxd3 Nd7 24. Ka1 Nc5 25. Be2 Qd7 26. Rb1 Kh7 27. Bxc5
dxc5 28. Qxb7 Qxa4 29. Rc4 Qe8 30. Bd1 Bg5 31. Ba4 Qf8 32. Rb3 Bf4 33. h3 Bh2
34. Rb6 Bg1 35. d6 Bd4+ 36. Kb1 Qd8 37. Bd7 Qg5 38. Bf5+ Kh6 39. Qxf7 Rab8 40.
Rb3 Rxb3+ 41. axb3 g6 42. Qe6 Qxg2 43. Rxd4 cxd4 44. Qf6 Rb8 45. Qxh4+ Kg7 46.
Qe7+ Kh6 47. Qh4+ Kg7 48. Qe7+ 1/2-1/2

[Event "BL 0405 TV Tergernsee- Erfurter SK"]
[Site "?"]
[Date "2005.01.30"]
[Round "9.5"]
[White "Brueggemann, Joachim"]
[Black "Hertneck, Gerald"]
[Result "0-1"]
[WhiteElo "2408"]
[BlackElo "2557"]
[PlyCount "64"]
[EventDate "2005.??.??"]

1. e4 e6 2. d4 d5 3. Nc3 Bb4 4. e5 Ne7 5. a3 Bxc3+ 6. bxc3 c5 7. a4 Qc7 8. Nf3
h6 9. Bd3 b6 10. O-O Ba6 11. dxc5 bxc5 12. Re1 O-O 13. Qd2 Bxd3 14. cxd3 Nd7
15. a5 Rab8 16. c4 Rfd8 17. Qf4 Nf8 18. Qg4 Nf5 19. Ra3 Rb1 20. h4 Qb7 21. cxd5
Rxd5 22. h5 Qb4 23. Qc4 Nd4 24. Nd2 Rxe5 25. Rxe5 Qxd2 26. Rc3 Nd7 27. Re4 Qd1+
28. Kh2 Qxh5+ 29. Kg1 Ne2+ 30. Rxe2 Qxe2 31. g3 Rb4 32. Qa6 Qe1+ 0-1

[Event "BL 0405 TV Tergernsee- Erfurter SK"]
[Site "?"]
[Date "2005.01.30"]
[Round "9.7"]
[White "Voekler, Bernd"]
[Black "Bromberger, Stefan"]
[Result "1/2-1/2"]
[WhiteElo "2376"]
[BlackElo "2440"]
[PlyCount "130"]
[EventDate "2005.??.??"]

1. e4 c5 2. Nf3 d6 3. d4 cxd4 4. Nxd4 Nf6 5. Nc3 a6 6. Bg5 e6 7. f4 b5 8. a3
Nbd7 9. Qe2 Qc7 10. O-O-O Bb7 11. g3 Be7 12. Bg2 O-O 13. Kb1 Rac8 14. Rhe1 Nb6
15. e5 dxe5 16. fxe5 Nfd5 17. Nxd5 Nxd5 18. Bxd5 Bxd5 19. Bxe7 Qxe7 20. Nf5 Qc7
21. Nd6 Rcd8 22. Rd4 f6 23. Rh4 fxe5 24. Ne4 Rf5 25. Qe3 Rdf8 26. Nc3 Rf2 27.
Qd3 e4 28. Nxe4 Bc4 29. Qd1 Rf1 30. Nd2 Rxe1 31. Qxe1 Bd5 32. Qe3 h6 33. b3 Rc8
34. Qd3 Qe5 35. Nf3 Qf5 36. Qxf5 exf5 37. Nd2 Kf7 38. Rd4 Ke6 39. c4 bxc4 40.
bxc4 Bc6 41. Kb2 g5 42. Kc3 Ke5 43. c5 Bd5 44. Nc4+ Bxc4 45. Kxc4 f4 46. gxf4+
gxf4 47. Rd7 Rf8 48. Re7+ Kf6 49. Re1 f3 50. c6 f2 51. Rf1 Ke5 52. Kc5 Ke4 53.
Kb6 Kf3 54. c7 Kg2 55. Rxf2+ Kxf2 56. Kxa6 h5 57. Kb7 h4 58. c8=Q Rxc8 59. Kxc8
h3 60. a4 Kg2 61. a5 Kxh2 62. a6 Kg1 63. a7 h2 64. a8=Q h1=Q 65. Qxh1+ Kxh1
1/2-1/2

[Event "BL 0405 TV Tergernsee- Erfurter SK"]
[Site "?"]
[Date "2005.01.??"]
[Round "9.8"]
[White "Gross, David"]
[Black "Enders, Peter"]
[Result "1-0"]
[WhiteElo "2465"]
[BlackElo "2456"]
[PlyCount "65"]
[EventDate "2005.??.??"]

1. e4 c5 2. Nf3 Nc6 3. d4 cxd4 4. Nxd4 Nf6 5. Nc3 d6 6. Bg5 e6 7. Qd2 Be7 8.
O-O-O Nxd4 9. Qxd4 O-O 10. f3 Bd7 11. Qd2 Bc6 12. Bd3 d5 13. e5 Nd7 14. Bxe7
Qxe7 15. f4 f6 16. exf6 Qxf6 17. Rhf1 e5 18. fxe5 Qxe5 19. Rfe1 Qf6 20. Be2 Nb6
21. Bf3 Rad8 22. Qd4 Qh6+ 23. Kb1 Qxh2 24. a4 Rf4 25. Qe5 Qh6 26. a5 Nc4 27.
Qe7 Rdf8 28. Bxd5+ Bxd5 29. Nxd5 R4f7 30. Qb4 Qa6 31. Ne7+ Kh8 32. Rh1 Nxb2 33.
Rxh7+ 1-0

[Event "BL 0405 SC Kreuzberg - SF Katernberg"]
[Site "?"]
[Date "2005.01.30"]
[Round "9.1"]
[White "Naiditsch, Arkadij"]
[Black "Nisipeanu, Liviu-Dieter"]
[Result "1/2-1/2"]
[WhiteElo "2611"]
[BlackElo "2687"]
[PlyCount "71"]
[EventDate "2005.??.??"]

1. e4 e5 2. Nf3 d6 3. d4 exd4 4. Nxd4 Nf6 5. Nc3 Be7 6. Nde2 Nc6 7. g3 O-O 8.
Bg2 Re8 9. h3 Rb8 10. f4 Nd7 11. O-O b5 12. Nd5 Bf8 13. g4 Na5 14. Ng3 c6 15.
Ne3 d5 16. exd5 cxd5 17. Nxd5 Nf6 18. Kh2 Bb7 19. Ne3 Qb6 20. Bxb7 Qxb7 21. Qf3
Qxf3 22. Rxf3 Rbd8 23. Ng2 Rd1 24. Rd3 Rxd3 25. cxd3 Rd8 26. Be3 Rxd3 27. Bxa7
Rd2 28. b3 Nd5 29. Kh1 Nc6 30. Bg1 b4 31. Re1 Rxa2 32. Re8 Nf6 33. Rc8 Ne7 34.
Rb8 Nc6 35. Rc8 Ne7 36. Rb8 1/2-1/2

[Event "BL 0405 SC Kreuzberg - SF Katernberg"]
[Site "?"]
[Date "2005.01.30"]
[Round "9.2"]
[White "Almasi, Zoltan"]
[Black "Glek, Igor V"]
[Result "1-0"]
[WhiteElo "2650"]
[BlackElo "2580"]
[PlyCount "65"]
[EventDate "2005.??.??"]

1. e4 c5 2. Nf3 e6 3. d4 cxd4 4. Nxd4 a6 5. Bd3 Bc5 6. Nb3 Ba7 7. Qg4 Nf6 8.
Qg3 d6 9. Nc3 Nc6 10. Bg5 h6 11. Bd2 g6 12. Be2 Nd4 13. Qd3 Nxe2 14. Qxe2 e5
15. Be3 Bxe3 16. Qxe3 Be6 17. O-O-O Qc7 18. Rd2 O-O-O 19. Rhd1 Kb8 20. Kb1 Rd7
21. f3 h5 22. Na4 Rdd8 23. Qg5 Qe7 24. h4 Rhe8 25. Nc1 b5 26. Nc3 b4 27. Na4
Bd7 28. Nb6 Bc6 29. Nb3 Kc7 30. Qe3 Rb8 31. Nc4 d5 32. exd5 Nxd5 33. Rxd5 1-0

[Event "BL 0405 SC Kreuzberg - SF Katernberg"]
[Site "?"]
[Date "2005.01.30"]
[Round "9.3"]
[White "Smagin, Sergey"]
[Black "Socko, Bartosz"]
[Result "0-1"]
[WhiteElo "2565"]
[BlackElo "2570"]
[PlyCount "106"]
[EventDate "2005.??.??"]

1. e4 e5 2. Nf3 Nc6 3. Bb5 a6 4. Ba4 Nf6 5. d3 b5 6. Bb3 Be7 7. O-O d6 8. a4
Rb8 9. axb5 axb5 10. c3 O-O 11. Re1 Bb7 12. Bd2 b4 13. cxb4 Bc8 14. Ra4 Bd7 15.
Na3 Nd4 16. Nxd4 Bxa4 17. Bxa4 exd4 18. Bc6 Nd7 19. f4 d5 20. Nc2 dxe4 21. Rxe4
Rb6 22. b5 Nb8 23. Ba5 Rxc6 24. bxc6 Nxc6 25. Be1 Qd5 26. Qe2 Bd6 27. Bf2 f5
28. Re8 Bxf4 29. Qe6+ Qxe6 30. Rxe6 Bd6 31. Re2 Rd8 32. g3 Be5 33. Na3 Bf6 34.
Nc4 Nb4 35. Rd2 Kf7 36. Rd1 Rb8 37. Be1 Nd5 38. Bd2 Rb3 39. Bf4 g5 40. Be5 Ne3
41. Rc1 Nxc4 42. Bxf6 Kxf6 43. Rxc4 Rxd3 44. b4 Ke5 45. Rxc7 Rd1+ 46. Kf2 Rd2+
47. Ke1 Rxh2 48. b5 Rb2 49. Re7+ Kd5 50. Rxh7 Rxb5 51. Rh5 Ke4 52. Rxg5 Ke3 53.
Kf1 d3 0-1

[Event "BL 0405 SC Kreuzberg - SF Katernberg"]
[Site "?"]
[Date "2005.01.30"]
[Round "9.4"]
[White "Maiwald, Jens-Uwe"]
[Black "Thesing, Matthias"]
[Result "1-0"]
[WhiteElo "2514"]
[BlackElo "2420"]
[PlyCount "75"]
[EventDate "2005.??.??"]

1. e4 c5 2. Nc3 e6 3. g3 d5 4. exd5 exd5 5. Bg2 Nf6 6. d3 d4 7. Ne4 Nxe4 8.
dxe4 Nc6 9. Ne2 Be7 10. O-O O-O 11. Nf4 b6 12. Re1 Ne5 13. Nd5 Bg4 14. f3 Be6
15. f4 Bg4 16. Qd2 Nf3+ 17. Bxf3 Bxf3 18. Qd3 Bg4 19. f5 Re8 20. Bf4 g5 21. Bd2
Bf8 22. c4 f6 23. b4 Re5 24. bxc5 Bxc5 25. Rab1 Qd6 26. a4 a5 27. Rb5 Rae8 28.
Reb1 Rxe4 29. Rxb6 Qe5 30. Nxf6+ Kg7 31. Nxe8+ Qxe8 32. Re6 Rxe6 33. fxe6 Qxe6
34. Rb7+ Kf8 35. Rb5 Qe5 36. Qf1+ Ke8 37. Qe1 Be2 38. Rxc5 1-0

[Event "BL 0405 SC Kreuzberg - SF Katernberg"]
[Site "?"]
[Date "2005.01.30"]
[Round "9.5"]
[White "Scholz, Christian"]
[Black "Kalinitschew, Sergey"]
[Result "1/2-1/2"]
[WhiteElo "2396"]
[BlackElo "2533"]
[PlyCount "34"]
[EventDate "2005.??.??"]

1. e4 c5 2. Nf3 Nc6 3. d4 cxd4 4. Nxd4 e5 5. Nb5 d6 6. N1c3 Nf6 7. Bg5 a6 8.
Na3 b5 9. Nd5 Be7 10. Bxf6 Bxf6 11. c3 Bg5 12. Nc2 O-O 13. a4 bxa4 14. Rxa4 a5
15. Bb5 Bb7 16. O-O Ne7 17. Nce3 Bxe3 1/2-1/2

[Event "BL 0405 SC Kreuzberg - SF Katernberg"]
[Site "?"]
[Date "2005.01.30"]
[Round "9.6"]
[White "Volke, Karsten"]
[Black "Souleidis, Georgios"]
[Result "1/2-1/2"]
[WhiteElo "2483"]
[BlackElo "2401"]
[PlyCount "52"]
[EventDate "2005.??.??"]

1. Nf3 Nf6 2. c4 g6 3. Nc3 Bg7 4. e4 d6 5. d4 O-O 6. Be2 e5 7. O-O Na6 8. Be3
Ng4 9. Bg5 Qe8 10. dxe5 dxe5 11. h3 f6 12. Bc1 Nh6 13. a3 Nf7 14. b4 c6 15. Bb2
f5 16. c5 Nc7 17. Bc4 Be6 18. Qe2 Qe7 19. Rad1 Kh8 20. Nb1 Bxc4 21. Qxc4 f4 22.
Rd3 Rad8 23. Rfd1 Rxd3 24. Qxd3 Rd8 25. Qb3 Rxd1+ 26. Qxd1 Ne6 1/2-1/2

[Event "BL 0405 SC Kreuzberg - SF Katernberg"]
[Site "?"]
[Date "2005.01.30"]
[Round "9.7"]
[White "Siebrecht, Sebastian"]
[Black "Tischbierek, Raj"]
[Result "0-1"]
[WhiteElo "2366"]
[BlackElo "2477"]
[PlyCount "110"]
[EventDate "2005.??.??"]

1. d4 d6 2. e4 Nf6 3. Nc3 g6 4. Nf3 Bg7 5. h3 O-O 6. Be3 a6 7. a4 b6 8. Bd3 Nc6
9. O-O e5 10. dxe5 dxe5 11. Qd2 Be6 12. Ne2 Qe7 13. Bh6 Nd7 14. Rfd1 Bxh6 15.
Qxh6 f6 16. Rd2 Nc5 17. Ng3 Rfd8 18. Bf1 Rxd2 19. Qxd2 Rd8 20. Qc3 a5 21. Bc4
Nd4 22. Nd2 Bxc4 23. Qxc4+ Qf7 24. Qc3 Kg7 25. b3 Na6 26. Nf3 Nb4 27. Nxd4 Rxd4
28. Re1 Rd6 29. Re2 Qd7 30. Qe3 Rd1+ 31. Kh2 h5 32. f4 Nc6 33. Rf2 Qd4 34. Qf3
exf4 35. Qxf4 Qe5 36. Qxe5 Nxe5 37. Nf1 Re1 38. Nd2 g5 39. g3 g4 40. Kg2 Kg6
41. hxg4 Nxg4 42. Nf3 Nxf2 43. Nxe1 Nxe4 44. Kf3 Kf5 45. Ng2 Ng5+ 46. Kf2 Ke4
47. Nf4 h4 48. Nh5 hxg3+ 49. Kxg3 f5 50. Nf6+ Ke5 51. Nd7+ Kd6 52. Nf8 Ne6 53.
Ng6 Nd4 54. Kf4 Nxc2 55. Kxf5 Nd4+ 0-1